LIBRARY & INFORMATION CENTRE, KCAET, TAVANUR

ONLINE PUBLIC ACCESS CATALOGUE (OPAC)

Do Working Group No.3 WG-3d Optimization of Energy Use with Alumina Refineries Using Co-generation (Record no. 19064)

MARC details
000 -LEADER
fixed length control field 00325nam a22001097a 4500
003 - CONTROL NUMBER IDENTIFIER
control field OSt
008 - FIXED-LENGTH DATA ELEMENTS--GENERAL INFORMATION
fixed length control field 250120b |||||||| |||| 00| 0 eng d
041 ## - LANGUAGE CODE
Language code of text/sound track or separate title eng
100 ## - MAIN ENTRY--AUTHOR NAME
Personal name World Energy Conference
245 ## - TITLE STATEMENT
Title Do Working Group No.3 WG-3d Optimization of Energy Use with Alumina Refineries Using Co-generation
942 ## - ADDED ENTRY ELEMENTS (KOHA)
Koha item type Books

No items available.

free website counter